Pepito speaker of the house : (Record no. 283759)
[ view plain ]
| 000 -LEADER | |
|---|---|
| fixed length control field | 00485nam a22001457a 4500 |
| 003 - CONTROL NUMBER IDENTIFIER | |
| control field | PILC |
| 005 - DATE AND TIME OF LATEST TRANSACTION | |
| control field | 20150312151629.0 |
| 008 - FIXED-LENGTH DATA ELEMENTS--GENERAL INFORMATION | |
| fixed length control field | 150312b xxu||||| |||| 00| 0 eng d |
| 050 ## - LIBRARY OF CONGRESS CALL NUMBER | |
| Classification number | DS 686.6A64 |
| Item number | .C957 2011 |
| 100 ## - MAIN ENTRY--PERSONAL NAME | |
| Personal name | Cruz, Isangani A. |
| 245 ## - TITLE STATEMENT | |
| Title | Pepito speaker of the house : |
| Remainder of title | the public life of Jose B. Laurel, Jr. |
| Statement of responsibility, etc | Isangani A. Cruz. |
| 260 ## - PUBLICATION, DISTRIBUTION, ETC. (IMPRINT) | |
| Name of publisher, distributor, etc | Speaker Laurel Foundation, Inc., |
| Date of publication, distribution, etc | c2011. |
| 300 ## - PHYSICAL DESCRIPTION | |
| Extent | 243 pages, various paging : |
| Other physical details | illustrations ; |
| Dimensions | 26 cm. |
| 942 ## - ADDED ENTRY ELEMENTS (KOHA) | |
| Source of classification or shelving scheme | Library of Congress Classification |
| Koha item type | Books |
| Withdrawn status | Lost status | Source of classification or shelving scheme | Damaged status | Home library | Current library | Shelving location | Date acquired | Source of acquisition | Sub Shelving location | Total Checkouts | Full call number | Barcode | Date last seen | Price effective from | Koha item type |
|---|---|---|---|---|---|---|---|---|---|---|---|---|---|---|---|
| Library of Congress Classification | Southville International School Affiliated with Foreign Universities Library | Southville International School Affiliated with Foreign Universities Library | Southville Foreign University Section | 03/12/2015 | Library Fund | DS 686.6A64 .C957 2011 | SFU1792 | 05/15/2018 | 03/12/2015 | Books |